|
|
|
|
| LEADER |
01165nam a2200325 a 4500 |
| 001 |
000629533 |
| 003 |
CZ BrMZK |
| 005 |
20251006162541.0 |
| 007 |
ta |
| 008 |
021011s2002 xr e cze d |
| 020 |
|
|
|q (Brožováno)
|
| 040 |
|
|
|a BOA001
|b cze
|
| 043 |
|
|
|a e-xr---
|b e-xr-st
|2 czenas
|
| 072 |
|
7 |
|a 94(430/439)
|x Dějiny zemí střední Evropy
|2 Konspekt
|9 8
|
| 080 |
|
|
|a 94(=411.16)
|2 MRF
|
| 080 |
|
|
|a (437.312)
|2 MRF
|
| 080 |
|
|
|a (062.552)
|2 MRF
|
| 100 |
1 |
|
|a Špačková, Renata,
|d 1963-
|7 jn20001005210
|4 com
|
| 245 |
1 |
0 |
|a Oživená místa /
|c [uspořádala Renata Špačková]
|
| 260 |
|
|
|a Mělník :
|b Okresní muzeum,
|c 2002
|
| 300 |
|
|
|a 85 s. :
|b il., portréty, faksim. ;
|c 30 cm
|
| 504 |
|
|
|a Obsahuje bibliografie
|
| 650 |
0 |
7 |
|a Židé
|7 ph127782
|z Česko
|2 czenas
|
| 650 |
0 |
7 |
|a dějiny Židů
|7 ph489410
|2 czenas
|
| 651 |
|
7 |
|a Mělník (Česko : oblast)
|7 ge130127
|2 czenas
|
| 655 |
|
7 |
|a sborníky
|7 fd163935
|2 czenas
|
| 710 |
2 |
|
|a Okresní muzeum (Mělník, Česko)
|7 kn20051122014
|
| 910 |
|
|
|a BOA001
|b 4-1107.636
|b KPB-0001.071
|
| 990 |
|
|
|a BK
|
| 996 |
6 |
|
|b 2610172169
|c 4-1107.636
|l MZK
|r Sklad / do 1 hodiny
|n 2
|p p.v.
|w 000629533
|u 000010
|a 1
|e BOA001
|j MZK50
|s P
|